{"text_format":"3","workbook":"xlsx","n_sheets":17,"sheets":["部门财务收支预算总表01-1","部门收入预算表01-2","部门支出预算表01-3","部门财政拨款收支预算总表02-1","一般公共预算支出预算表02-2","一般公共预算“三公”经费支出预算表03","部门基本支出预算表04","部门项目支出预算表05-1","部门项目支出绩效目标表05-2","部门政府性基金预算表06","部门政府采购预算表07","部门政府购买服务预算表08","省对下转移支付预算表09-1","省对下转移支付绩效目标表09-2","新增资产配置表10","中央转移支付补助项目支出预算表11","部门项目支出中期规划预算表12"],"read":"whole","date_system":"1900"}

{"sheet":"部门财务收支预算总表01-1","index":0,"n_rows":21,"n_cols":4,"rows_kept":21,"merged":[[1,0,1,3],[2,0,2,1],[3,0,3,1],[3,2,3,3],[4,0,5,0],[4,1,5,1],[4,2,5,2],[4,3,5,3]]}
[{"$nulls":3},"预算01-1表"]
["2026年部门财务收支预算总表"]
[{"$f":"\"单位名称：\"&\"云南省交通运输综合行政执法局德宏支队\"","v":"单位名称：云南省交通运输综合行政执法局德宏支队"},null,null,"单位:元"]
["收        入",null,"支        出"]
["项      目","预算数","项目（按功能分类）","预算数"]
[]
["一、一般公共预算拨款收入",{"v":15642185.77,"d":"15,642,185.77"},{"$f":"\"一\"&\"、\"&\"社会保障和就业支出\"","v":"一、社会保障和就业支出"},{"v":1370706.61,"d":"1,370,706.61"}]
["二、政府性基金预算拨款收入",null,{"$f":"\"二\"&\"、\"&\"卫生健康支出\"","v":"二、卫生健康支出"},{"v":756575.84,"d":"756,575.84"}]
["三、国有资本经营预算拨款收入",null,{"$f":"\"三\"&\"、\"&\"交通运输支出\"","v":"三、交通运输支出"},{"v":12677532.42,"d":"12,677,532.42"}]
["四、财政专户管理资金收入",null,{"$f":"\"四\"&\"、\"&\"住房保障支出\"","v":"四、住房保障支出"},{"v":867370.9,"d":"867,370.90"}]
["五、单位资金"]
["1、事业收入"]
["2、事业单位经营收入"]
["3、上级补助收入"]
["4、附属单位上缴收入"]
["5、其他收入"]
["本年收入合计",{"v":15642185.77,"d":"15,642,185.77"},"本年支出合计",{"v":15672185.77,"d":"15,672,185.77"}]
["上年结转结余",{"v":30000,"d":"30,000.00"},"年终结转结余"]
["1、财政拨款结转结余",{"v":30000,"d":"30,000.00"},"1、财政拨款结转结余"]
["2、非财政拨款结余",null,"2、非财政拨款结余"]
["收  入  总  计",{"v":15672185.77,"d":"15,672,185.77"},"支 出 总 计",{"v":15672185.77,"d":"15,672,185.77"}]

{"sheet":"部门收入预算表01-2","index":1,"n_rows":9,"n_cols":19,"rows_kept":9,"merged":[[0,17,0,18],[1,0,1,18],[2,0,2,3],[2,17,2,18],[3,0,5,0],[3,1,5,1],[3,2,5,2],[3,3,3,13],[3,14,3,18],[4,3,5,3],[4,4,5,4],[4,5,5,5],[4,6,5,6],[4,7,5,7],[4,8,4,13],[4,14,5,14],[4,15,5,15],[4,16,5,16],[4,17,5,17],[4,18,5,18]]}
[{"$nulls":17},"预算01-2表"]
["2026年部门收入预算表"]
[{"$f":"\"单位名称：\"&\"云南省交通运输综合行政执法局德宏支队\"","v":"单位名称：云南省交通运输综合行政执法局德宏支队"},{"$nulls":16},"单位:元","单位:元"]
["部门（单位）代码","部门（单位）名称","合计","本年收入",{"$nulls":10},"上年结转结余"]
[{"$nulls":3},"小计","一般公共预算","政府性基金预算","国有资本经营预算","财政专户管理资金","单位资金收入",null,"事业单位经营收入","上级补助收入","附属单位上缴收入","其他收入","小计","一般公共预算","政府性基金预算","国有资本经营预算","非财政拨款结余"]
[{"$nulls":8},"小计","事业收入","事业单位经营收入","上级补助收入","附属单位上缴收入","其他收入"]
[1,2,3,4,5,6,7,8,9,10,11,12,13,14,15,16,17,18,19]
["123010014","云南省交通运输综合行政执法局德宏支队",{"v":15672185.77,"d":"15,672,185.77"},{"v":15642185.77,"d":"15,642,185.77"},{"v":15642185.77,"d":"15,642,185.77"},{"$nulls":9},{"v":30000,"d":"30,000.00"},{"v":30000,"d":"30,000.00"}]
["合计",null,{"v":15672185.77,"d":"15,672,185.77"},{"v":15642185.77,"d":"15,642,185.77"},{"v":15642185.77,"d":"15,642,185.77"},{"$nulls":9},{"v":30000,"d":"30,000.00"},{"v":30000,"d":"30,000.00"}]

{"sheet":"部门支出预算表01-3","index":2,"n_rows":25,"n_cols":15,"rows_kept":25,"merged":[[1,0,1,14],[2,0,2,11],[3,0,4,0],[3,1,4,1],[3,2,4,2],[3,3,3,5],[3,6,4,6],[3,7,4,7],[3,8,4,8],[3,9,3,14],[24,0,24,1]]}
[{"$nulls":14},"预算01-3表"]
["2026年部门支出预算表"]
[{"$f":"\"单位名称：\"&\"云南省交通运输综合行政执法局德宏支队\"","v":"单位名称：云南省交通运输综合行政执法局德宏支队"},{"$nulls":13},"单位:元"]
["科目编码","科目名称","合计","一般公共预算",null,null,"政府性基金预算","国有资本经营预算","财政专户管理的支出","单位资金","事业支出","事业单位\n经营支出","上级补助支出","附属单位补助支出","其他支出"]
[{"$nulls":3},"小计","基本支出","项目支出",{"$nulls":3},"小计","事业支出","事业单位\n经营支出","上级补助支出","附属单位补助支出","其他支出"]
[1,2,3,4,5,6,7,8,9,10,11,12,13,14,15]
["208","社会保障和就业支出",{"v":1370706.61,"d":"1,370,706.61"},{"v":1370706.61,"d":"1,370,706.61"},{"v":1370706.61,"d":"1,370,706.61"}]
["20805","行政事业单位养老支出",{"v":1304923.61,"d":"1,304,923.61"},{"v":1304923.61,"d":"1,304,923.61"},{"v":1304923.61,"d":"1,304,923.61"}]
["2080502","事业单位离退休",{"v":17820,"d":"17,820.00"},{"v":17820,"d":"17,820.00"},{"v":17820,"d":"17,820.00"}]
["2080505","机关事业单位基本养老保险缴费支出",{"v":1287103.61,"d":"1,287,103.61"},{"v":1287103.61,"d":"1,287,103.61"},{"v":1287103.61,"d":"1,287,103.61"}]
["20899","其他社会保障和就业支出",{"v":65783,"d":"65,783.00"},{"v":65783,"d":"65,783.00"},{"v":65783,"d":"65,783.00"}]
["2089999","其他社会保障和就业支出",{"v":65783,"d":"65,783.00"},{"v":65783,"d":"65,783.00"},{"v":65783,"d":"65,783.00"}]
["210","卫生健康支出",{"v":756575.84,"d":"756,575.84"},{"v":756575.84,"d":"756,575.84"},{"v":756575.84,"d":"756,575.84"}]
["21011","行政事业单位医疗",{"v":756575.84,"d":"756,575.84"},{"v":756575.84,"d":"756,575.84"},{"v":756575.84,"d":"756,575.84"}]
["2101102","事业单位医疗",{"v":498752.65,"d":"498,752.65"},{"v":498752.65,"d":"498,752.65"},{"v":498752.65,"d":"498,752.65"}]
["2101103","公务员医疗补助",{"v":228423.19,"d":"228,423.19"},{"v":228423.19,"d":"228,423.19"},{"v":228423.19,"d":"228,423.19"}]
["2101199","其他行政事业单位医疗支出",{"v":29400,"d":"29,400.00"},{"v":29400,"d":"29,400.00"},{"v":29400,"d":"29,400.00"}]
["214","交通运输支出",{"v":12677532.42,"d":"12,677,532.42"},{"v":12677532.42,"d":"12,677,532.42"},{"v":10665532.42,"d":"10,665,532.42"},{"v":2012000,"d":"2,012,000.00"}]
["21401","公路水路运输",{"v":12677532.42,"d":"12,677,532.42"},{"v":12677532.42,"d":"12,677,532.42"},{"v":10665532.42,"d":"10,665,532.42"},{"v":2012000,"d":"2,012,000.00"}]
["2140112","公路运输管理",{"v":2012000,"d":"2,012,000.00"},{"v":2012000,"d":"2,012,000.00"},null,{"v":2012000,"d":"2,012,000.00"}]
["2140199","其他公路水路运输支出",{"v":10665532.42,"d":"10,665,532.42"},{"v":10665532.42,"d":"10,665,532.42"},{"v":10665532.42,"d":"10,665,532.42"}]
["221","住房保障支出",{"v":867370.9,"d":"867,370.90"},{"v":867370.9,"d":"867,370.90"},{"v":867370.9,"d":"867,370.90"}]
["22102","住房改革支出",{"v":867370.9,"d":"867,370.90"},{"v":867370.9,"d":"867,370.90"},{"v":867370.9,"d":"867,370.90"}]
["2210201","住房公积金",{"v":867370.9,"d":"867,370.90"},{"v":867370.9,"d":"867,370.90"},{"v":867370.9,"d":"867,370.90"}]
["合  计","合  计",{"v":15672185.77,"d":"15,672,185.77"},{"v":15672185.77,"d":"15,672,185.77"},{"v":13660185.77,"d":"13,660,185.77"},{"v":2012000,"d":"2,012,000.00"}]

{"sheet":"部门财政拨款收支预算总表02-1","index":3,"n_rows":16,"n_cols":4,"rows_kept":16,"merged":[[1,0,1,3],[2,0,2,1],[3,0,3,1],[3,2,3,3],[4,0,5,0],[4,1,5,1],[4,2,5,2],[4,3,5,3]]}
[{"$nulls":3},"预算02-1表"]
["2026年财政拨款收支预算总表"]
[{"$f":"\"单位名称：\"&\"云南省交通运输综合行政执法局德宏支队\"","v":"单位名称：云南省交通运输综合行政执法局德宏支队"},null,null,"单位:元"]
["收        入",null,"支        出"]
["项      目","预算数","支出功能分类科目","预算数"]
[]
["一、本年收入",{"v":15642185.77,"d":"15,642,185.77"},"一、本年支出",{"v":15672185.77,"d":"15,672,185.77"}]
["（一）一般公共预算拨款",{"v":15642185.77,"d":"15,642,185.77"},{"$f":"\"（一）\"&\"社会保障和就业支出\"","v":"（一）社会保障和就业支出"},{"v":1370706.61,"d":"1,370,706.61"}]
["（二）政府性基金预算拨款",null,{"$f":"\"（二）\"&\"卫生健康支出\"","v":"（二）卫生健康支出"},{"v":756575.84,"d":"756,575.84"}]
["（三）国有资本经营预算拨款",null,{"$f":"\"（三）\"&\"交通运输支出\"","v":"（三）交通运输支出"},{"v":12677532.42,"d":"12,677,532.42"}]
["二、上年结转",{"v":30000,"d":"30,000.00"},{"$f":"\"（四）\"&\"住房保障支出\"","v":"（四）住房保障支出"},{"v":867370.9,"d":"867,370.90"}]
["（一）一般公共预算拨款",{"v":30000,"d":"30,000.00"}]
["（二）政府性基金预算拨款"]
["（三）国有资本经营预算拨款"]
[null,null,"二、年终结转结余"]
["收 入 总 计",{"v":15672185.77,"d":"15,672,185.77"},"支 出 总 计",{"v":15672185.77,"d":"15,672,185.77"}]

{"sheet":"一般公共预算支出预算表02-2","index":4,"n_rows":25,"n_cols":7,"rows_kept":25,"merged":[[1,0,1,6],[2,0,2,4],[3,0,3,1],[3,2,4,2],[3,3,3,5],[3,6,4,6],[24,0,24,1]]}
[{"$nulls":6},"预算02-2表"]
["2026年一般公共预算支出预算表（按功能科目分类）"]
[{"$f":"\"单位名称：\"&\"云南省交通运输综合行政执法局德宏支队\"","v":"单位名称：云南省交通运输综合行政执法局德宏支队"},{"$nulls":5},"单位:元"]
["部门预算支出功能分类科目",null,"合计","基本支出",null,null,"项目支出"]
["科目编码","科目名称",null,"小计","人员经费","公用经费"]
["1","2","3",null,"4","5","6"]
["208","社会保障和就业支出",{"v":1370706.61,"d":"1,370,706.61"},{"v":1370706.61,"d":"1,370,706.61"},{"v":1352886.61,"d":"1,352,886.61"},{"v":17820,"d":"17,820.00"}]
["20805","行政事业单位养老支出",{"v":1304923.61,"d":"1,304,923.61"},{"v":1304923.61,"d":"1,304,923.61"},{"v":1287103.61,"d":"1,287,103.61"},{"v":17820,"d":"17,820.00"}]
["2080502","事业单位离退休",{"v":17820,"d":"17,820.00"},{"v":17820,"d":"17,820.00"},null,{"v":17820,"d":"17,820.00"}]
["2080505","机关事业单位基本养老保险缴费支出",{"v":1287103.61,"d":"1,287,103.61"},{"v":1287103.61,"d":"1,287,103.61"},{"v":1287103.61,"d":"1,287,103.61"}]
["20899","其他社会保障和就业支出",{"v":65783,"d":"65,783.00"},{"v":65783,"d":"65,783.00"},{"v":65783,"d":"65,783.00"}]
["2089999","其他社会保障和就业支出",{"v":65783,"d":"65,783.00"},{"v":65783,"d":"65,783.00"},{"v":65783,"d":"65,783.00"}]
["210","卫生健康支出",{"v":756575.84,"d":"756,575.84"},{"v":756575.84,"d":"756,575.84"},{"v":756575.84,"d":"756,575.84"}]
["21011","行政事业单位医疗",{"v":756575.84,"d":"756,575.84"},{"v":756575.84,"d":"756,575.84"},{"v":756575.84,"d":"756,575.84"}]
["2101102","事业单位医疗",{"v":498752.65,"d":"498,752.65"},{"v":498752.65,"d":"498,752.65"},{"v":498752.65,"d":"498,752.65"}]
["2101103","公务员医疗补助",{"v":228423.19,"d":"228,423.19"},{"v":228423.19,"d":"228,423.19"},{"v":228423.19,"d":"228,423.19"}]
["2101199","其他行政事业单位医疗支出",{"v":29400,"d":"29,400.00"},{"v":29400,"d":"29,400.00"},{"v":29400,"d":"29,400.00"}]
["214","交通运输支出",{"v":12647532.42,"d":"12,647,532.42"},{"v":10665532.42,"d":"10,665,532.42"},{"v":9130056.6,"d":"9,130,056.60"},{"v":1535475.82,"d":"1,535,475.82"},{"v":1982000,"d":"1,982,000.00"}]
["21401","公路水路运输",{"v":12647532.42,"d":"12,647,532.42"},{"v":10665532.42,"d":"10,665,532.42"},{"v":9130056.6,"d":"9,130,056.60"},{"v":1535475.82,"d":"1,535,475.82"},{"v":1982000,"d":"1,982,000.00"}]
["2140112","公路运输管理",{"v":1982000,"d":"1,982,000.00"},{"$nulls":3},{"v":1982000,"d":"1,982,000.00"}]
["2140199","其他公路水路运输支出",{"v":10665532.42,"d":"10,665,532.42"},{"v":10665532.42,"d":"10,665,532.42"},{"v":9130056.6,"d":"9,130,056.60"},{"v":1535475.82,"d":"1,535,475.82"}]
["221","住房保障支出",{"v":867370.9,"d":"867,370.90"},{"v":867370.9,"d":"867,370.90"},{"v":867370.9,"d":"867,370.90"}]
["22102","住房改革支出",{"v":867370.9,"d":"867,370.90"},{"v":867370.9,"d":"867,370.90"},{"v":867370.9,"d":"867,370.90"}]
["2210201","住房公积金",{"v":867370.9,"d":"867,370.90"},{"v":867370.9,"d":"867,370.90"},{"v":867370.9,"d":"867,370.90"}]
["合  计","合  计",{"v":15642185.77,"d":"15,642,185.77"},{"v":13660185.77,"d":"13,660,185.77"},{"v":12106889.95,"d":"12,106,889.95"},{"v":1553295.82,"d":"1,553,295.82"},{"v":1982000,"d":"1,982,000.00"}]

{"sheet":"一般公共预算“三公”经费支出预算表03","index":5,"n_rows":7,"n_cols":6,"rows_kept":7,"merged":[[1,0,1,5],[2,0,2,3],[3,0,4,0],[3,1,4,1],[3,2,3,4],[3,5,4,5]]}
[{"$nulls":5},"预算03表"]
["2026年一般公共预算“三公”经费支出预算表"]
[{"$f":"\"单位名称：\"&\"云南省交通运输综合行政执法局德宏支队\"","v":"单位名称：云南省交通运输综合行政执法局德宏支队"},{"$nulls":4},"单位：元"]
["“三公”经费合计","因公出国（境）费","公务用车购置及运行费",null,null,"公务接待费"]
[null,null,"小计","公务用车购置费","公务用车运行费"]
[1,2,3,4,5,6]
[{"v":593540.68,"d":"593,540.68"},null,{"v":593540.68,"d":"593,540.68"},null,{"v":593540.68,"d":"593,540.68"}]

{"sheet":"部门基本支出预算表04","index":6,"n_rows":34,"n_cols":23,"rows_kept":34,"merged":[[1,0,1,22],[2,0,2,6],[3,0,6,0],[3,1,6,1],[3,2,6,2],[3,3,6,3],[3,4,6,4],[3,5,6,5],[3,6,6,6],[3,7,3,22],[4,7,6,7],[4,8,4,12],[4,13,4,15],[4,16,6,16],[4,17,4,22],[5,8,6,8],[5,9,6,9],[5,10,6,10],[5,11,6,11],[5,12,6,12],[5,13,6,13],[5,14,6,14],[5,15,6,15],[5,17,6,17],[5,18,6,18],[5,19,6,19],[5,20,6,20],[5,21,6,21],[5,22,6,22],[33,0,33,6]]}
[{"$nulls":22},"预算04表"]
["2026年部门基本支出预算表"]
[{"$f":"\"单位名称：\"&\"云南省交通运输综合行政执法局德宏支队\"","v":"单位名称：云南省交通运输综合行政执法局德宏支队"},{"$nulls":21},"单位：元"]
["单位名称","项目代码","项目名称","功能科目编码","功能科目名称","经济科目编码","经济科目名称","资金来源"]
[{"$nulls":7},"合计","一般公共预算",{"$nulls":4},"财政拨款结转结余",null,null,"财政专户管理资金","单位资金"]
[{"$nulls":8},"全年数","已提前安排","抵扣上年垫付资金","本次下达","另文下达","一般公共预算","政府性基金预算","国有资本经营预算",null,"小计","事业收入","事业单位\n经营收入","上级补助收入","附属单位上缴收入","其他收入"]
[]
[1,2,3,4,5,6,7,8,9,10,11,12,13,14,15,16,17,18,19,20,21,22,23]
["云南省交通运输综合行政执法局德宏支队",{"$nulls":6},{"v":13660185.77,"d":"13,660,185.77"},{"v":13660185.77,"d":"13,660,185.77"},{"v":3258711.29,"d":"3,258,711.29"},null,{"v":10401474.48,"d":"10,401,474.48"}]
["云南省交通运输综合行政执法局德宏支队","530000231100001102643","对个人和家庭的补助","2140199","其他公路水路运输支出","30305","生活补助",{"v":46425.6,"d":"46,425.60"},{"v":46425.6,"d":"46,425.60"},{"v":11606.4,"d":"11,606.40"},null,{"v":34819.2,"d":"34,819.20"}]
["云南省交通运输综合行政执法局德宏支队","530000231100001102645","工会经费","2140199","其他公路水路运输支出","30228","工会经费",{"v":181672.62,"d":"181,672.62"},{"v":181672.62,"d":"181,672.62"},{"v":45418.16,"d":"45,418.16"},null,{"v":136254.46,"d":"136,254.46"}]
["云南省交通运输综合行政执法局德宏支队","530000231100001102652","事业人员支出工资","2140199","其他公路水路运输支出","30101","基本工资",{"v":3489444,"d":"3,489,444.00"},{"v":3489444,"d":"3,489,444.00"},{"v":872361,"d":"872,361.00"},null,{"v":2617083,"d":"2,617,083.00"}]
["云南省交通运输综合行政执法局德宏支队","530000231100001102652","事业人员支出工资","2140199","其他公路水路运输支出","30102","津贴补贴",{"v":378540,"d":"378,540.00"},{"v":378540,"d":"378,540.00"},{"v":94635,"d":"94,635.00"},null,{"v":283905,"d":"283,905.00"}]
["云南省交通运输综合行政执法局德宏支队","530000231100001102652","事业人员支出工资","2140199","其他公路水路运输支出","30103","奖金",{"v":290787,"d":"290,787.00"},{"v":290787,"d":"290,787.00"},{"v":72696.75,"d":"72,696.75"},null,{"v":218090.25,"d":"218,090.25"}]
["云南省交通运输综合行政执法局德宏支队","530000231100001102652","事业人员支出工资","2140199","其他公路水路运输支出","30107","绩效工资",{"v":4924860,"d":"4,924,860.00"},{"v":4924860,"d":"4,924,860.00"},{"v":1231215,"d":"1,231,215.00"},null,{"v":3693645,"d":"3,693,645.00"}]
["云南省交通运输综合行政执法局德宏支队","530000231100001102653","社会保障缴费","2080505","机关事业单位基本养老保险缴费支出","30108","机关事业单位基本养老保险缴费",{"v":1287103.61,"d":"1,287,103.61"},{"v":1287103.61,"d":"1,287,103.61"},{"v":321775.9,"d":"321,775.90"},null,{"v":965327.71,"d":"965,327.71"}]
["云南省交通运输综合行政执法局德宏支队","530000231100001102653","社会保障缴费","2089999","其他社会保障和就业支出","30112","其他社会保障缴费",{"v":65783,"d":"65,783.00"},{"v":65783,"d":"65,783.00"},{"v":16445.75,"d":"16,445.75"},null,{"v":49337.25,"d":"49,337.25"}]
["云南省交通运输综合行政执法局德宏支队","530000231100001102653","社会保障缴费","2101102","事业单位医疗","30110","职工基本医疗保险缴费",{"v":498752.65,"d":"498,752.65"},{"v":498752.65,"d":"498,752.65"},{"v":124688.16,"d":"124,688.16"},null,{"v":374064.49,"d":"374,064.49"}]
["云南省交通运输综合行政执法局德宏支队","530000231100001102653","社会保障缴费","2101103","公务员医疗补助","30111","公务员医疗补助缴费",{"v":228423.19,"d":"228,423.19"},{"v":228423.19,"d":"228,423.19"},{"v":57105.8,"d":"57,105.80"},null,{"v":171317.39,"d":"171,317.39"}]
["云南省交通运输综合行政执法局德宏支队","530000231100001102653","社会保障缴费","2101199","其他行政事业单位医疗支出","30112","其他社会保障缴费",{"v":29400,"d":"29,400.00"},{"v":29400,"d":"29,400.00"},{"v":29400,"d":"29,400.00"}]
["云南省交通运输综合行政执法局德宏支队","530000231100001102656","住房公积金","2210201","住房公积金","30113","住房公积金",{"v":867370.9,"d":"867,370.90"},{"v":867370.9,"d":"867,370.90"},{"v":216842.73,"d":"216,842.73"},null,{"v":650528.17,"d":"650,528.17"}]
["云南省交通运输综合行政执法局德宏支队","530000231100001102659","公车购置及运维费","2140199","其他公路水路运输支出","30231","公务用车运行维护费",{"v":593540.68,"d":"593,540.68"},{"v":593540.68,"d":"593,540.68"},null,null,{"v":593540.68,"d":"593,540.68"}]
["云南省交通运输综合行政执法局德宏支队","530000231100001102662","一般公用经费","2080502","事业单位离退休","30299","其他商品和服务支出",{"v":17820,"d":"17,820.00"},{"v":17820,"d":"17,820.00"},{"v":4455,"d":"4,455.00"},null,{"v":13365,"d":"13,365.00"}]
["云南省交通运输综合行政执法局德宏支队","530000231100001102662","一般公用经费","2140199","其他公路水路运输支出","30201","办公费",{"v":139089.9,"d":"139,089.90"},{"v":139089.9,"d":"139,089.90"},{"v":34772.48,"d":"34,772.48"},null,{"v":104317.42,"d":"104,317.42"}]
["云南省交通运输综合行政执法局德宏支队","530000231100001102662","一般公用经费","2140199","其他公路水路运输支出","30204","手续费",{"v":200,"d":"200.00"},{"v":200,"d":"200.00"},{"v":50,"d":"50.00"},null,{"v":150,"d":"150.00"}]
["云南省交通运输综合行政执法局德宏支队","530000231100001102662","一般公用经费","2140199","其他公路水路运输支出","30205","水费",{"v":16000,"d":"16,000.00"},{"v":16000,"d":"16,000.00"},{"v":4000,"d":"4,000.00"},null,{"v":12000,"d":"12,000.00"}]
["云南省交通运输综合行政执法局德宏支队","530000231100001102662","一般公用经费","2140199","其他公路水路运输支出","30206","电费",{"v":30000,"d":"30,000.00"},{"v":30000,"d":"30,000.00"},{"v":7500,"d":"7,500.00"},null,{"v":22500,"d":"22,500.00"}]
["云南省交通运输综合行政执法局德宏支队","530000231100001102662","一般公用经费","2140199","其他公路水路运输支出","30207","邮电费",{"v":55000,"d":"55,000.00"},{"v":55000,"d":"55,000.00"},{"v":13750,"d":"13,750.00"},null,{"v":41250,"d":"41,250.00"}]
["云南省交通运输综合行政执法局德宏支队","530000231100001102662","一般公用经费","2140199","其他公路水路运输支出","30209","物业管理费",{"v":120000,"d":"120,000.00"},{"v":120000,"d":"120,000.00"},null,null,{"v":120000,"d":"120,000.00"}]
["云南省交通运输综合行政执法局德宏支队","530000231100001102662","一般公用经费","2140199","其他公路水路运输支出","30211","差旅费",{"v":150000,"d":"150,000.00"},{"v":150000,"d":"150,000.00"},{"v":37500,"d":"37,500.00"},null,{"v":112500,"d":"112,500.00"}]
["云南省交通运输综合行政执法局德宏支队","530000231100001102662","一般公用经费","2140199","其他公路水路运输支出","30213","维修（护）费",{"v":50000,"d":"50,000.00"},{"v":50000,"d":"50,000.00"},{"v":12500,"d":"12,500.00"},null,{"v":37500,"d":"37,500.00"}]
["云南省交通运输综合行政执法局德宏支队","530000231100001102662","一般公用经费","2140199","其他公路水路运输支出","30240","税金及附加费用",{"v":400,"d":"400.00"},{"v":400,"d":"400.00"},{"v":100,"d":"100.00"},null,{"v":300,"d":"300.00"}]
["云南省交通运输综合行政执法局德宏支队","530000231100001102662","一般公用经费","2140199","其他公路水路运输支出","30299","其他商品和服务支出",{"v":199572.62,"d":"199,572.62"},{"v":199572.62,"d":"199,572.62"},{"v":49893.16,"d":"49,893.16"},null,{"v":149679.46,"d":"149,679.46"}]
["合  计",{"$nulls":6},{"v":13660185.77,"d":"13,660,185.77"},{"v":13660185.77,"d":"13,660,185.77"},{"v":3258711.29,"d":"3,258,711.29"},null,{"v":10401474.48,"d":"10,401,474.48"}]

{"sheet":"部门项目支出预算表05-1","index":7,"n_rows":21,"n_cols":23,"rows_kept":21,"merged":[[1,0,1,22],[2,0,2,8],[3,0,5,0],[3,1,5,1],[3,2,5,2],[3,3,5,3],[3,4,5,4],[3,5,5,5],[3,6,5,6],[3,7,5,7],[3,8,5,8],[3,9,3,12],[3,13,3,15],[3,16,5,16],[3,17,3,22],[4,9,4,10],[4,11,5,11],[4,12,5,12],[4,13,5,13],[4,14,5,14],[4,15,5,15],[4,17,5,17],[4,18,5,18],[4,19,5,19],[4,20,5,20],[4,21,5,21],[4,22,5,22],[20,0,20,7]]}
[{"$nulls":22},"预算05-1表"]
["2026年部门项目支出预算表"]
[{"$f":"\"单位名称：\"&\"云南省交通运输综合行政执法局德宏支队\"","v":"单位名称：云南省交通运输综合行政执法局德宏支队"},"单位名称：云南省交通运输综合行政执法局德宏支队",{"$nulls":20},"单位：元"]
["项目分类","项目代码","项目名称","项目单位","功能科目编码","功能科目名称","经济科目编码","经济科目名称","合计","本年拨款",{"$nulls":3},"财政拨款结转结余",null,null,"财政专户管理资金","单位资金"]
[{"$nulls":9},"一般公共预算",null,"政府性基金预算","国有资本经营预算","一般公共预算","政府性基金预算","国有资本经营预算",null,"小计","事业收入","事业单位\n经营收入","上级补助收入","附属单位上缴收入","其他收入"]
[{"$nulls":9},"小计","其中：本次下达"]
[1,2,3,4,5,6,7,8,9,10,11,12,13,14,15,16,17,18,19,20,21,22,23]
[null,null,"交通运输行政执法监管专项经费",{"$nulls":5},{"v":380000,"d":"380,000.00"},{"v":350000,"d":"350,000.00"},{"v":350000,"d":"350,000.00"},null,null,{"v":30000,"d":"30,000.00"}]
["事业发展类","530000241100002008632","交通运输行政执法监管专项经费","云南省交通运输综合行政执法局德宏支队","2140112","公路运输管理","30202","印刷费",{"v":8000,"d":"8,000.00"},{"v":5000,"d":"5,000.00"},{"v":5000,"d":"5,000.00"},null,null,{"v":3000,"d":"3,000.00"}]
["事业发展类","530000241100002008632","交通运输行政执法监管专项经费","云南省交通运输综合行政执法局德宏支队","2140112","公路运输管理","30213","维修（护）费",{"v":166744,"d":"166,744.00"},{"v":139744,"d":"139,744.00"},{"v":139744,"d":"139,744.00"},null,null,{"v":27000,"d":"27,000.00"}]
["事业发展类","530000241100002008632","交通运输行政执法监管专项经费","云南省交通运输综合行政执法局德宏支队","2140112","公路运输管理","30226","劳务费",{"v":74400,"d":"74,400.00"},{"v":74400,"d":"74,400.00"},{"v":74400,"d":"74,400.00"}]
["事业发展类","530000241100002008632","交通运输行政执法监管专项经费","云南省交通运输综合行政执法局德宏支队","2140112","公路运输管理","31002","办公设备购置",{"v":130856,"d":"130,856.00"},{"v":130856,"d":"130,856.00"},{"v":130856,"d":"130,856.00"}]
[null,null,"其他人员支出",{"$nulls":5},{"v":952000,"d":"952,000.00"},{"v":952000,"d":"952,000.00"},{"v":952000,"d":"952,000.00"}]
["民生类","530000231100001082700","其他人员支出","云南省交通运输综合行政执法局德宏支队","2140112","公路运输管理","30199","其他工资福利支出",{"v":952000,"d":"952,000.00"},{"v":952000,"d":"952,000.00"},{"v":952000,"d":"952,000.00"}]
[null,null,"治理超限超载执法管理运维专项资金",{"$nulls":5},{"v":680000,"d":"680,000.00"},{"v":680000,"d":"680,000.00"},{"v":680000,"d":"680,000.00"}]
["事业发展类","530000241100002007936","治理超限超载执法管理运维专项资金","云南省交通运输综合行政执法局德宏支队","2140112","公路运输管理","30207","邮电费",{"v":54000,"d":"54,000.00"},{"v":54000,"d":"54,000.00"},{"v":54000,"d":"54,000.00"}]
["事业发展类","530000241100002007936","治理超限超载执法管理运维专项资金","云南省交通运输综合行政执法局德宏支队","2140112","公路运输管理","30213","维修（护）费",{"v":240000,"d":"240,000.00"},{"v":240000,"d":"240,000.00"},{"v":240000,"d":"240,000.00"}]
["事业发展类","530000241100002007936","治理超限超载执法管理运维专项资金","云南省交通运输综合行政执法局德宏支队","2140112","公路运输管理","31002","办公设备购置",{"v":105500,"d":"105,500.00"},{"v":105500,"d":"105,500.00"},{"v":105500,"d":"105,500.00"}]
["事业发展类","530000241100002007936","治理超限超载执法管理运维专项资金","云南省交通运输综合行政执法局德宏支队","2140112","公路运输管理","31003","专用设备购置",{"v":270000,"d":"270,000.00"},{"v":270000,"d":"270,000.00"},{"v":270000,"d":"270,000.00"}]
["事业发展类","530000241100002007936","治理超限超载执法管理运维专项资金","云南省交通运输综合行政执法局德宏支队","2140112","公路运输管理","31099","其他资本性支出",{"v":10500,"d":"10,500.00"},{"v":10500,"d":"10,500.00"},{"v":10500,"d":"10,500.00"}]
["合  计",{"$nulls":7},{"v":2012000,"d":"2,012,000.00"},{"v":1982000,"d":"1,982,000.00"},{"v":1982000,"d":"1,982,000.00"},null,null,{"v":30000,"d":"30,000.00"}]

{"sheet":"部门项目支出绩效目标表05-2","index":8,"n_rows":28,"n_cols":10,"rows_kept":28,"merged":[[1,0,1,9],[2,0,2,7],[6,0,14,0],[6,1,14,1],[15,0,19,0],[15,1,19,1],[20,0,27,0],[20,1,27,1]]}
[{"$nulls":9},"预算05-2表"]
["2026年部门项目支出绩效目标表"]
[{"$f":"\"单位名称：\"&\"云南省交通运输综合行政执法局德宏支队\"","v":"单位名称：云南省交通运输综合行政执法局德宏支队"}]
["单位名称、项目名称","项目年度绩效目标","一级指标","二级指标","三级指标","指标性质","指标值","度量单位","指标属性","指标内容"]
[1,2,3,4,5,6,7,8,9,10]
["云南省交通运输综合行政执法局德宏支队"]
["治理超限超载执法管理运维专项资金","2026年，通过治理超限超载执法管理运维专项资金的投入，调动治超人员工作积极性，不断加强和规范治超工作，维护良好的车辆运输、使用秩序和道路交通秩序，确保公路及其设施按设计使用年限正常使用，保障公路使用者的人身和财产安全，为社会经济发展提供快捷、高效、安全的公路交通运输条件。我们设定了下列目标任务：\n    1. 公路超限检测站进站检测率>=85%；\n    2. 超限超载危害宣传覆盖率>=90%；\n    3. 计划投资完成率>=95%；\n    4. 设备更换及维修及时率>=90%；\n    5. 治超执法工作群众满意度>=90%。\n    6. 治超专项资金使用情况=优\n    通过项目实施，依法打击超限超载运输车辆，建立和完善长效治理工作机制，从根本上遏制超限超载运输对公路的危害，确保公路设施的完好和公路交通安全，为实现社会经济又好又快发展提供良好的交通保障。","产出指标","数量指标","公路超限检测站进站检测率",">=","85","%","定量指标","反映一定时间内，途经公路超限检测站的货物运输车辆进站接受超限检测比率。 "]
["治理超限超载执法管理运维专项资金","2026年，通过治理超限超载执法管理运维专项资金的投入，调动治超人员工作积极性，不断加强和规范治超工作，维护良好的车辆运输、使用秩序和道路交通秩序，确保公路及其设施按设计使用年限正常使用，保障公路使用者的人身和财产安全，为社会经济发展提供快捷、高效、安全的公路交通运输条件。我们设定了下列目标任务：\n    1. 公路超限检测站进站检测率>=85%；\n    2. 超限超载危害宣传覆盖率>=90%；\n    3. 计划投资完成率>=95%；\n    4. 设备更换及维修及时率>=90%；\n    5. 治超执法工作群众满意度>=90%。\n    6. 治超专项资金使用情况=优\n    通过项目实施，依法打击超限超载运输车辆，建立和完善长效治理工作机制，从根本上遏制超限超载运输对公路的危害，确保公路设施的完好和公路交通安全，为实现社会经济又好又快发展提供良好的交通保障。","产出指标","数量指标","本行政区域内超限危害宣传覆盖率",">=","90","%","定量指标","反映执法部门充分利用报刊、电视、广播、互联网及微博、微信等媒体和形式，重点宣传超限超载的危害性，增强每一名交通参与者道路交通安全意识。"]
["治理超限超载执法管理运维专项资金","2026年，通过治理超限超载执法管理运维专项资金的投入，调动治超人员工作积极性，不断加强和规范治超工作，维护良好的车辆运输、使用秩序和道路交通秩序，确保公路及其设施按设计使用年限正常使用，保障公路使用者的人身和财产安全，为社会经济发展提供快捷、高效、安全的公路交通运输条件。我们设定了下列目标任务：\n    1. 公路超限检测站进站检测率>=85%；\n    2. 超限超载危害宣传覆盖率>=90%；\n    3. 计划投资完成率>=95%；\n    4. 设备更换及维修及时率>=90%；\n    5. 治超执法工作群众满意度>=90%。\n    6. 治超专项资金使用情况=优\n    通过项目实施，依法打击超限超载运输车辆，建立和完善长效治理工作机制，从根本上遏制超限超载运输对公路的危害，确保公路设施的完好和公路交通安全，为实现社会经济又好又快发展提供良好的交通保障。","产出指标","数量指标","超限车辆卸载率",">=","90","%","定量指标","反映超限车辆卸载情况。"]
["治理超限超载执法管理运维专项资金","2026年，通过治理超限超载执法管理运维专项资金的投入，调动治超人员工作积极性，不断加强和规范治超工作，维护良好的车辆运输、使用秩序和道路交通秩序，确保公路及其设施按设计使用年限正常使用，保障公路使用者的人身和财产安全，为社会经济发展提供快捷、高效、安全的公路交通运输条件。我们设定了下列目标任务：\n    1. 公路超限检测站进站检测率>=85%；\n    2. 超限超载危害宣传覆盖率>=90%；\n    3. 计划投资完成率>=95%；\n    4. 设备更换及维修及时率>=90%；\n    5. 治超执法工作群众满意度>=90%。\n    6. 治超专项资金使用情况=优\n    通过项目实施，依法打击超限超载运输车辆，建立和完善长效治理工作机制，从根本上遏制超限超载运输对公路的危害，确保公路设施的完好和公路交通安全，为实现社会经济又好又快发展提供良好的交通保障。","产出指标","数量指标","超限检测设备安装完成率","=","100","%","定量指标","反映超限检测设备安装计划完成情况，保障检测工作按时开展。"]
["治理超限超载执法管理运维专项资金","2026年，通过治理超限超载执法管理运维专项资金的投入，调动治超人员工作积极性，不断加强和规范治超工作，维护良好的车辆运输、使用秩序和道路交通秩序，确保公路及其设施按设计使用年限正常使用，保障公路使用者的人身和财产安全，为社会经济发展提供快捷、高效、安全的公路交通运输条件。我们设定了下列目标任务：\n    1. 公路超限检测站进站检测率>=85%；\n    2. 超限超载危害宣传覆盖率>=90%；\n    3. 计划投资完成率>=95%；\n    4. 设备更换及维修及时率>=90%；\n    5. 治超执法工作群众满意度>=90%。\n    6. 治超专项资金使用情况=优\n    通过项目实施，依法打击超限超载运输车辆，建立和完善长效治理工作机制，从根本上遏制超限超载运输对公路的危害，确保公路设施的完好和公路交通安全，为实现社会经济又好又快发展提供良好的交通保障。","产出指标","质量指标","单位治超工作年度考核评分",">=","95","分","定量指标","反映主管部门对各单位辖区内治超考核工作质量的考评情况。"]
["治理超限超载执法管理运维专项资金","2026年，通过治理超限超载执法管理运维专项资金的投入，调动治超人员工作积极性，不断加强和规范治超工作，维护良好的车辆运输、使用秩序和道路交通秩序，确保公路及其设施按设计使用年限正常使用，保障公路使用者的人身和财产安全，为社会经济发展提供快捷、高效、安全的公路交通运输条件。我们设定了下列目标任务：\n    1. 公路超限检测站进站检测率>=85%；\n    2. 超限超载危害宣传覆盖率>=90%；\n    3. 计划投资完成率>=95%；\n    4. 设备更换及维修及时率>=90%；\n    5. 治超执法工作群众满意度>=90%。\n    6. 治超专项资金使用情况=优\n    通过项目实施，依法打击超限超载运输车辆，建立和完善长效治理工作机制，从根本上遏制超限超载运输对公路的危害，确保公路设施的完好和公路交通安全，为实现社会经济又好又快发展提供良好的交通保障。","产出指标","时效指标","治超设备更换及维修及时率",">=","90","%","定量指标","反映治超设备更换及维修效率情况。"]
["治理超限超载执法管理运维专项资金","2026年，通过治理超限超载执法管理运维专项资金的投入，调动治超人员工作积极性，不断加强和规范治超工作，维护良好的车辆运输、使用秩序和道路交通秩序，确保公路及其设施按设计使用年限正常使用，保障公路使用者的人身和财产安全，为社会经济发展提供快捷、高效、安全的公路交通运输条件。我们设定了下列目标任务：\n    1. 公路超限检测站进站检测率>=85%；\n    2. 超限超载危害宣传覆盖率>=90%；\n    3. 计划投资完成率>=95%；\n    4. 设备更换及维修及时率>=90%；\n    5. 治超执法工作群众满意度>=90%。\n    6. 治超专项资金使用情况=优\n    通过项目实施，依法打击超限超载运输车辆，建立和完善长效治理工作机制，从根本上遏制超限超载运输对公路的危害，确保公路设施的完好和公路交通安全，为实现社会经济又好又快发展提供良好的交通保障。","效益指标","社会效益","月均高速公路安全畅通率",">=","98","%","定量指标","反映月均高速公路安全畅通情况。"]
["治理超限超载执法管理运维专项资金","2026年，通过治理超限超载执法管理运维专项资金的投入，调动治超人员工作积极性，不断加强和规范治超工作，维护良好的车辆运输、使用秩序和道路交通秩序，确保公路及其设施按设计使用年限正常使用，保障公路使用者的人身和财产安全，为社会经济发展提供快捷、高效、安全的公路交通运输条件。我们设定了下列目标任务：\n    1. 公路超限检测站进站检测率>=85%；\n    2. 超限超载危害宣传覆盖率>=90%；\n    3. 计划投资完成率>=95%；\n    4. 设备更换及维修及时率>=90%；\n    5. 治超执法工作群众满意度>=90%。\n    6. 治超专项资金使用情况=优\n    通过项目实施，依法打击超限超载运输车辆，建立和完善长效治理工作机制，从根本上遏制超限超载运输对公路的危害，确保公路设施的完好和公路交通安全，为实现社会经济又好又快发展提供良好的交通保障。","满意度指标","服务对象满意度","治超执法工作群众满意度",">=","90","%","定量指标","反映群众对治超执法工作满意程度情况。"]
["治理超限超载执法管理运维专项资金","2026年，通过治理超限超载执法管理运维专项资金的投入，调动治超人员工作积极性，不断加强和规范治超工作，维护良好的车辆运输、使用秩序和道路交通秩序，确保公路及其设施按设计使用年限正常使用，保障公路使用者的人身和财产安全，为社会经济发展提供快捷、高效、安全的公路交通运输条件。我们设定了下列目标任务：\n    1. 公路超限检测站进站检测率>=85%；\n    2. 超限超载危害宣传覆盖率>=90%；\n    3. 计划投资完成率>=95%；\n    4. 设备更换及维修及时率>=90%；\n    5. 治超执法工作群众满意度>=90%。\n    6. 治超专项资金使用情况=优\n    通过项目实施，依法打击超限超载运输车辆，建立和完善长效治理工作机制，从根本上遏制超限超载运输对公路的危害，确保公路设施的完好和公路交通安全，为实现社会经济又好又快发展提供良好的交通保障。","成本指标","经济成本指标","设备购置成本控制率","<=","100","%","定量指标","反映项目采购设备实际购置成本与采购预算之间的差异情况"]
["其他人员支出","通过项目的实施，2026年预计实现目标为\n1、可以缓解公路里程数日益增加的管理压力，减轻一线执法人员老龄化以及人员缺口问题。进一步提升支队工作效率，提高执法办案效率，促进法律法规宣传，提升执法队伍形象。\n2、保障辖区内公路的安全、畅通，方便民众出行，同时也对建设功能明晰的综合交通网络，打造一体化衔接综合交通枢纽具有重要意义。\n3、支队能顺利完成辖区的各项交通执法工作，保障各项工作正常运转，促进单位内部和谐，起到积极的作用。\n4、预计截至年尾，协管人员聘用率大于等于98%， 路产违法案件处置率达到100%， 社会驾乘人员满意度达到90%以上。\n","产出指标","数量指标","协管人员工资发放率","=","100","%","定量指标","反映单位协管人员工资发放情况。"]
["其他人员支出","通过项目的实施，2026年预计实现目标为\n1、可以缓解公路里程数日益增加的管理压力，减轻一线执法人员老龄化以及人员缺口问题。进一步提升支队工作效率，提高执法办案效率，促进法律法规宣传，提升执法队伍形象。\n2、保障辖区内公路的安全、畅通，方便民众出行，同时也对建设功能明晰的综合交通网络，打造一体化衔接综合交通枢纽具有重要意义。\n3、支队能顺利完成辖区的各项交通执法工作，保障各项工作正常运转，促进单位内部和谐，起到积极的作用。\n4、预计截至年尾，协管人员聘用率大于等于98%， 路产违法案件处置率达到100%， 社会驾乘人员满意度达到90%以上。\n","产出指标","数量指标","协管人员出勤率",">=","98","%","定量指标","反映协管人员参与执法辅助出勤情况。"]
["其他人员支出","通过项目的实施，2026年预计实现目标为\n1、可以缓解公路里程数日益增加的管理压力，减轻一线执法人员老龄化以及人员缺口问题。进一步提升支队工作效率，提高执法办案效率，促进法律法规宣传，提升执法队伍形象。\n2、保障辖区内公路的安全、畅通，方便民众出行，同时也对建设功能明晰的综合交通网络，打造一体化衔接综合交通枢纽具有重要意义。\n3、支队能顺利完成辖区的各项交通执法工作，保障各项工作正常运转，促进单位内部和谐，起到积极的作用。\n4、预计截至年尾，协管人员聘用率大于等于98%， 路产违法案件处置率达到100%， 社会驾乘人员满意度达到90%以上。\n","产出指标","时效指标","协管人员执法辅助任务完成及时率","=","100","%","定量指标","反映协管人员执法辅助任务完成情况。"]
["其他人员支出","通过项目的实施，2026年预计实现目标为\n1、可以缓解公路里程数日益增加的管理压力，减轻一线执法人员老龄化以及人员缺口问题。进一步提升支队工作效率，提高执法办案效率，促进法律法规宣传，提升执法队伍形象。\n2、保障辖区内公路的安全、畅通，方便民众出行，同时也对建设功能明晰的综合交通网络，打造一体化衔接综合交通枢纽具有重要意义。\n3、支队能顺利完成辖区的各项交通执法工作，保障各项工作正常运转，促进单位内部和谐，起到积极的作用。\n4、预计截至年尾，协管人员聘用率大于等于98%， 路产违法案件处置率达到100%， 社会驾乘人员满意度达到90%以上。\n","效益指标","社会效益","执法辅助受理投诉案件办结率",">=","95","%","定量指标","通过协管人员参与执法辅助工作后，执法办案消耗时间、案件办理效率等提高情况。\n"]
["其他人员支出","通过项目的实施，2026年预计实现目标为\n1、可以缓解公路里程数日益增加的管理压力，减轻一线执法人员老龄化以及人员缺口问题。进一步提升支队工作效率，提高执法办案效率，促进法律法规宣传，提升执法队伍形象。\n2、保障辖区内公路的安全、畅通，方便民众出行，同时也对建设功能明晰的综合交通网络，打造一体化衔接综合交通枢纽具有重要意义。\n3、支队能顺利完成辖区的各项交通执法工作，保障各项工作正常运转，促进单位内部和谐，起到积极的作用。\n4、预计截至年尾，协管人员聘用率大于等于98%， 路产违法案件处置率达到100%， 社会驾乘人员满意度达到90%以上。\n","满意度指标","服务对象满意度","协管人员工作群众满意度",">=","90","%","定量指标","反映群众对协管人员在协助执法过程中工作情况的满意度情况。"]
["交通运输行政执法监管专项经费","运用财政资金35.00万元，按照省交通执法局德宏支队的工作部署，开展2026年度委托权限范围内的高速公路、普通国省干线公路路产路权保护工作，以实现：\n1.安保服务管理，实现24小时门岗执勤和定时巡逻，安全隐患排查整改及时率>=90%；\n2.规范化建设与零星修缮，提升基础设施完好率，保障日常运营顺利进行，执法设备设施维修及时率>=90%；\n3.法制宣传工作，制作和分发法律宣传资料，宣传计划完成率=100%；\n4.执法电子设备配置及维修，为提高现场执法和信息记录的效率，安全隐患排查整改及时率>=90%；\n5.行政执法类受理投诉案件办结率=100%；\n6.服务受益人员满意度>=90%。","产出指标","数量指标","交通运输执法专项监督检查次数",">=","2","次","定量指标","反映全年交通执法专项监督检查的情况，包括对公路、道路运输、水上、交通工程质量、安全生产监管。"]
["交通运输行政执法监管专项经费","运用财政资金35.00万元，按照省交通执法局德宏支队的工作部署，开展2026年度委托权限范围内的高速公路、普通国省干线公路路产路权保护工作，以实现：\n1.安保服务管理，实现24小时门岗执勤和定时巡逻，安全隐患排查整改及时率>=90%；\n2.规范化建设与零星修缮，提升基础设施完好率，保障日常运营顺利进行，执法设备设施维修及时率>=90%；\n3.法制宣传工作，制作和分发法律宣传资料，宣传计划完成率=100%；\n4.执法电子设备配置及维修，为提高现场执法和信息记录的效率，安全隐患排查整改及时率>=90%；\n5.行政执法类受理投诉案件办结率=100%；\n6.服务受益人员满意度>=90%。","产出指标","数量指标","政策宣传计划完成率","=","100","%","定量指标","反映本行政区域内道路法律法规宣传计划完成情况。"]
["交通运输行政执法监管专项经费","运用财政资金35.00万元，按照省交通执法局德宏支队的工作部署，开展2026年度委托权限范围内的高速公路、普通国省干线公路路产路权保护工作，以实现：\n1.安保服务管理，实现24小时门岗执勤和定时巡逻，安全隐患排查整改及时率>=90%；\n2.规范化建设与零星修缮，提升基础设施完好率，保障日常运营顺利进行，执法设备设施维修及时率>=90%；\n3.法制宣传工作，制作和分发法律宣传资料，宣传计划完成率=100%；\n4.执法电子设备配置及维修，为提高现场执法和信息记录的效率，安全隐患排查整改及时率>=90%；\n5.行政执法类受理投诉案件办结率=100%；\n6.服务受益人员满意度>=90%。","产出指标","质量指标","制作案卷评查合格率",">=","90","%","定量指标","反映案件评查合格情况。上级部门通过对执法单位执法文书、案卷的评审检查，进一步提高行政执法处罚案件的规范情况。\n"]
["交通运输行政执法监管专项经费","运用财政资金35.00万元，按照省交通执法局德宏支队的工作部署，开展2026年度委托权限范围内的高速公路、普通国省干线公路路产路权保护工作，以实现：\n1.安保服务管理，实现24小时门岗执勤和定时巡逻，安全隐患排查整改及时率>=90%；\n2.规范化建设与零星修缮，提升基础设施完好率，保障日常运营顺利进行，执法设备设施维修及时率>=90%；\n3.法制宣传工作，制作和分发法律宣传资料，宣传计划完成率=100%；\n4.执法电子设备配置及维修，为提高现场执法和信息记录的效率，安全隐患排查整改及时率>=90%；\n5.行政执法类受理投诉案件办结率=100%；\n6.服务受益人员满意度>=90%。","产出指标","时效指标","安全检查完成及时率",">=","90","%","定量指标","反映对公路、道路运输、水上、交通工程质量、安全生产监管等方面的行政执法监督，是否存在安全隐患并及时整改。"]
["交通运输行政执法监管专项经费","运用财政资金35.00万元，按照省交通执法局德宏支队的工作部署，开展2026年度委托权限范围内的高速公路、普通国省干线公路路产路权保护工作，以实现：\n1.安保服务管理，实现24小时门岗执勤和定时巡逻，安全隐患排查整改及时率>=90%；\n2.规范化建设与零星修缮，提升基础设施完好率，保障日常运营顺利进行，执法设备设施维修及时率>=90%；\n3.法制宣传工作，制作和分发法律宣传资料，宣传计划完成率=100%；\n4.执法电子设备配置及维修，为提高现场执法和信息记录的效率，安全隐患排查整改及时率>=90%；\n5.行政执法类受理投诉案件办结率=100%；\n6.服务受益人员满意度>=90%。","产出指标","时效指标","执法设备设施维修及时率",">=","90","%","定量指标","反映执法设备设施损坏后是否及时维修，不影响正常监督检查执法工作。"]
["交通运输行政执法监管专项经费","运用财政资金35.00万元，按照省交通执法局德宏支队的工作部署，开展2026年度委托权限范围内的高速公路、普通国省干线公路路产路权保护工作，以实现：\n1.安保服务管理，实现24小时门岗执勤和定时巡逻，安全隐患排查整改及时率>=90%；\n2.规范化建设与零星修缮，提升基础设施完好率，保障日常运营顺利进行，执法设备设施维修及时率>=90%；\n3.法制宣传工作，制作和分发法律宣传资料，宣传计划完成率=100%；\n4.执法电子设备配置及维修，为提高现场执法和信息记录的效率，安全隐患排查整改及时率>=90%；\n5.行政执法类受理投诉案件办结率=100%；\n6.服务受益人员满意度>=90%。","效益指标","社会效益","行政执法类受理投诉案件办结率",">=","95","%","定量指标","反映交通运输执法工作中受理的投诉案件办结情况。"]
["交通运输行政执法监管专项经费","运用财政资金35.00万元，按照省交通执法局德宏支队的工作部署，开展2026年度委托权限范围内的高速公路、普通国省干线公路路产路权保护工作，以实现：\n1.安保服务管理，实现24小时门岗执勤和定时巡逻，安全隐患排查整改及时率>=90%；\n2.规范化建设与零星修缮，提升基础设施完好率，保障日常运营顺利进行，执法设备设施维修及时率>=90%；\n3.法制宣传工作，制作和分发法律宣传资料，宣传计划完成率=100%；\n4.执法电子设备配置及维修，为提高现场执法和信息记录的效率，安全隐患排查整改及时率>=90%；\n5.行政执法类受理投诉案件办结率=100%；\n6.服务受益人员满意度>=90%。","满意度指标","服务对象满意度","行政执法人员群众满意度",">=","90","%","定量指标","反映群众对行政执法人员满意程度情况。"]
["交通运输行政执法监管专项经费","运用财政资金35.00万元，按照省交通执法局德宏支队的工作部署，开展2026年度委托权限范围内的高速公路、普通国省干线公路路产路权保护工作，以实现：\n1.安保服务管理，实现24小时门岗执勤和定时巡逻，安全隐患排查整改及时率>=90%；\n2.规范化建设与零星修缮，提升基础设施完好率，保障日常运营顺利进行，执法设备设施维修及时率>=90%；\n3.法制宣传工作，制作和分发法律宣传资料，宣传计划完成率=100%；\n4.执法电子设备配置及维修，为提高现场执法和信息记录的效率，安全隐患排查整改及时率>=90%；\n5.行政执法类受理投诉案件办结率=100%；\n6.服务受益人员满意度>=90%。","成本指标","经济成本指标","购置成本控制率","<=","100","%","定量指标","反映项目采购实际购置成本与采购预算之间的差异情况。"]

{"sheet":"部门政府性基金预算表06","index":9,"n_rows":9,"n_cols":6,"rows_kept":9,"merged":[[1,0,1,5],[3,0,4,0],[3,1,4,1],[3,2,4,2],[3,3,3,5],[7,0,7,2]]}
[{"$nulls":5},"预算06表"]
["2026年政府性基金预算支出预算表"]
[{"$f":"\"单位名称：\"&\"云南省交通运输综合行政执法局德宏支队\"","v":"单位名称：云南省交通运输综合行政执法局德宏支队"},{"$nulls":4},"单位:元"]
["单位名称","科目编码","科目名称","政府性基金预算支出"]
[{"$nulls":3},"合计","基本支出","项目支出"]
[1,2,3,4,5,6]
[]
["合  计",null,"合  计"]
["说明：2026年德宏支队无政府性基金预算。"]

{"sheet":"部门政府采购预算表07","index":10,"n_rows":22,"n_cols":17,"rows_kept":22,"merged":[[1,0,1,16],[2,0,2,5],[3,0,5,0],[3,1,5,1],[3,2,5,2],[3,3,5,3],[3,4,5,4],[3,5,5,5],[3,6,3,16],[4,6,5,6],[4,7,5,7],[4,8,5,8],[4,9,5,9],[4,10,5,10],[4,11,4,16],[21,0,21,4]]}
[{"$nulls":16},"预算07表"]
["2026年部门政府采购预算表"]
[{"$f":"\"单位名称：\"&\"云南省交通运输综合行政执法局德宏支队\"","v":"单位名称：云南省交通运输综合行政执法局德宏支队"},{"$nulls":15},"单位：元"]
["预算项目","采购项目","采购品目","计量\n单位","数量","面向中小企业预留资金","资金来源"]
[{"$nulls":6},"合计","一般公共预算","政府性\n基金","国有资本经营收益","财政专户管理的收入","单位自筹"]
[{"$nulls":7},"小计",{"$nulls":3},"小计","事业收入","事业单位\n经营收入","上级补助收入","附属单位上缴收入","其他收入"]
[1,2,3,4,5,6,7,8,9,10,11,12,13,14,15,16,17]
["云南省交通运输综合行政执法局德宏支队",{"$nulls":4},{"v":238837.75,"d":"238,837.75"},{"v":1673437.75,"d":"1,673,437.75"},{"v":1673437.75,"d":"1,673,437.75"}]
["其他人员支出"," 道路交通协管服务","C05040500 道路交通协管服务","年",1,null,{"v":702200,"d":"702,200.00"},{"v":702200,"d":"702,200.00"}]
["其他人员支出","道路交通协管服务","C05040500 道路交通协管服务","年",1,null,{"v":249800,"d":"249,800.00"},{"v":249800,"d":"249,800.00"}]
["公车购置及运维费","车辆加油、添加燃料服务","C23120302 车辆加油、添加燃料服务","年",1,null,{"v":116000,"d":"116,000.00"},{"v":116000,"d":"116,000.00"}]
["公车购置及运维费","车辆维修和保养服务","C23120301 车辆维修和保养服务","年",1,{"v":238837.75,"d":"238,837.75"},{"v":238837.75,"d":"238,837.75"},{"v":238837.75,"d":"238,837.75"}]
["公车购置及运维费","机动车保险服务","C1804010201 机动车保险服务","年",1,null,{"v":112000,"d":"112,000.00"},{"v":112000,"d":"112,000.00"}]
["一般公用经费","物业管理服务","C21040001 物业管理服务","月",9,null,{"v":55800,"d":"55,800.00"},{"v":55800,"d":"55,800.00"}]
["治理超限超载执法管理运维专项资金","办公椅","A05010301 办公椅","把",10,null,{"v":8000,"d":"8,000.00"},{"v":8000,"d":"8,000.00"}]
["治理超限超载执法管理运维专项资金","空调机","A02061804 空调机","台",4,null,{"v":24000,"d":"24,000.00"},{"v":24000,"d":"24,000.00"}]
["治理超限超载执法管理运维专项资金","书柜","A05010501 书柜","组",5,null,{"v":6000,"d":"6,000.00"},{"v":6000,"d":"6,000.00"}]
["治理超限超载执法管理运维专项资金","碎纸机","A02021301 碎纸机","台",2,null,{"v":2000,"d":"2,000.00"},{"v":2000,"d":"2,000.00"}]
["治理超限超载执法管理运维专项资金","台式计算机","A02010105 台式计算机","台",4,null,{"v":20000,"d":"20,000.00"},{"v":20000,"d":"20,000.00"}]
["交通运输行政执法监管专项经费"," LED显示屏（多彩）","A02021103 LED显示屏","平方米",10,null,{"v":120200,"d":"120,200.00"},{"v":120200,"d":"120,200.00"}]
["交通运输行政执法监管专项经费","安保人员工资","C21040001 物业管理服务","月",3,null,{"v":18600,"d":"18,600.00"},{"v":18600,"d":"18,600.00"}]
["合  计",{"$nulls":4},{"v":238837.75,"d":"238,837.75"},{"v":1673437.75,"d":"1,673,437.75"},{"v":1673437.75,"d":"1,673,437.75"}]

{"sheet":"部门政府购买服务预算表08","index":11,"n_rows":11,"n_cols":14,"rows_kept":11,"merged":[[1,0,1,13],[2,0,2,2],[3,0,5,0],[3,1,5,1],[3,2,5,2],[3,3,3,13],[4,3,5,3],[4,4,5,4],[4,5,5,5],[4,6,5,6],[4,7,5,7],[4,8,4,13],[9,0,9,2]]}
[{"$nulls":13},"预算08表"]
["2026年部门政府购买服务预算表"]
[{"$f":"\"单位名称：\"&\"云南省交通运输综合行政执法局德宏支队\"","v":"单位名称：云南省交通运输综合行政执法局德宏支队"},{"$nulls":12},"单位：元"]
["预算项目","政府购买服务项目","政府购买服务目录","资金来源"]
[{"$nulls":3},"合计","一般公共预算","政府性\n基金","国有资本经营收益","财政专户管理的收入","单位自筹"]
[{"$nulls":8},"小计","事业收入","事业单位\n经营收入","上级补助收入","附属单位上缴收入","其他收入"]
[1,2,3,4,5,6,7,8,9,10,11,12,13,14]
[]
[]
["合  计"]
["说明：2026年德宏支队无政府购买服务。"]

{"sheet":"省对下转移支付预算表09-1","index":12,"n_rows":9,"n_cols":24,"rows_kept":9,"merged":[[1,0,1,23],[2,0,2,8],[3,0,4,0],[3,1,3,3],[3,4,3,23]]}
[{"$nulls":23},"预算09-1表"]
["2026年省对下转移支付预算表"]
[{"$f":"\"单位名称：\"&\"云南省交通运输综合行政执法局德宏支队\"","v":"单位名称：云南省交通运输综合行政执法局德宏支队"},{"$nulls":22},"单位：元"]
["单位名称（项目）","资金来源",null,null,"地区"]
[null,"合计","一般公共预算","政府性基金","昆明","昭通","曲靖","玉溪","红河","文山","普洱","西双版纳","楚雄","大理","保山","德宏","丽江","怒江","迪庆","临沧","宣威","腾冲","镇雄","未分配到地区数"]
[1,2,3,4,5,6,7,8,9,10,11,12,13,14,15,16,17,18,19,20,21,22,23,24]
[]
[]
["说明：2026年德宏支队所属单位为0个，无对下转移支付预算。"]

{"sheet":"省对下转移支付绩效目标表09-2","index":13,"n_rows":8,"n_cols":10,"rows_kept":8,"merged":[[1,0,1,9],[2,0,2,7]]}
[{"$nulls":9},"预算09-2表"]
["2026年省对下转移支付绩效目标表"]
[{"$f":"\"单位名称：\"&\"云南省交通运输综合行政执法局德宏支队\"","v":"单位名称：云南省交通运输综合行政执法局德宏支队"}]
["单位名称、项目名称","项目年度绩效目标","一级指标","二级指标","三级指标","指标性质","指标值","度量单位","指标属性","指标内容"]
[1,2,3,4,5,6,7,8,9,10]
[]
[]
["说明：2026年德宏支队所属单位为0个，无对下转移支付绩效目标。"]

{"sheet":"新增资产配置表10","index":14,"n_rows":28,"n_cols":8,"rows_kept":28,"merged":[[1,0,1,7],[3,0,4,0],[3,1,4,1],[3,2,4,2],[3,3,4,3],[3,4,4,4],[3,5,3,7],[26,0,26,4],[27,0,27,7]]}
[{"$nulls":7},"预算10表"]
["2026年新增资产配置表"]
[{"$f":"\"单位名称：\"&\"云南省交通运输综合行政执法局德宏支队\"","v":"单位名称：云南省交通运输综合行政执法局德宏支队"}]
["单位名称","资产类别","资产分类代码.名称","资产名称","计量单位","财政部门批复数（元）"]
[{"$nulls":5},"数量","单价","金额"]
["1","2","3","4","5","6","7","8"]
["云南省交通运输综合行政执法局德宏支队","设备","A02010105 台式计算机","台式电脑","台",4,{"v":5000,"d":"5,000.00"},{"v":20000,"d":"20,000.00"}]
["云南省交通运输综合行政执法局德宏支队","设备","A02010202 交换设备","交换机","台",2,{"v":3000,"d":"3,000.00"},{"v":6000,"d":"6,000.00"}]
["云南省交通运输综合行政执法局德宏支队","设备","A02021103 LED显示屏","LED显示屏（多彩）","平方米",10,{"v":12020,"d":"12,020.00"},{"v":120200,"d":"120,200.00"}]
["云南省交通运输综合行政执法局德宏支队","设备","A02021301 碎纸机","碎纸机","台",2,{"v":1000,"d":"1,000.00"},{"v":2000,"d":"2,000.00"}]
["云南省交通运输综合行政执法局德宏支队","设备","A02060600 互感器","地感","套",4,{"v":2400,"d":"2,400.00"},{"v":9600,"d":"9,600.00"}]
["云南省交通运输综合行政执法局德宏支队","设备","A02060600 互感器","轮轴传感器","套",8,{"v":3600,"d":"3,600.00"},{"v":28800,"d":"28,800.00"}]
["云南省交通运输综合行政执法局德宏支队","设备","A02061712 控制设备","控制机柜（含控制电路板、控制器）","套",4,{"v":8600,"d":"8,600.00"},{"v":34400,"d":"34,400.00"}]
["云南省交通运输综合行政执法局德宏支队","设备","A02061801 电冰箱","冰柜","台",1,{"v":3000,"d":"3,000.00"},{"v":3000,"d":"3,000.00"}]
["云南省交通运输综合行政执法局德宏支队","设备","A02061801 电冰箱","电冰箱","台",1,{"v":4000,"d":"4,000.00"},{"v":4000,"d":"4,000.00"}]
["云南省交通运输综合行政执法局德宏支队","设备","A02061804 空调机","空调","台",4,{"v":6000,"d":"6,000.00"},{"v":24000,"d":"24,000.00"}]
["云南省交通运输综合行政执法局德宏支队","设备","A02061810 洗衣机","洗衣机","台",1,{"v":3500,"d":"3,500.00"},{"v":3500,"d":"3,500.00"}]
["云南省交通运输综合行政执法局德宏支队","设备","A02090505 视频信息处理设备","车牌抓拍系统","套",4,{"v":16800,"d":"16,800.00"},{"v":67200,"d":"67,200.00"}]
["云南省交通运输综合行政执法局德宏支队","设备","A02091107 视频监控设备","监控录像机","台",1,{"v":4500,"d":"4,500.00"},{"v":4500,"d":"4,500.00"}]
["云南省交通运输综合行政执法局德宏支队","设备","A02091107 视频监控设备","摄像机","个",6,{"v":504,"d":"504.00"},{"v":3024,"d":"3,024.00"}]
["云南省交通运输综合行政执法局德宏支队","设备","A02091107 视频监控设备","硬盘录像机(含硬盘)","台",6,{"v":1272,"d":"1,272.00"},{"v":7632,"d":"7,632.00"}]
["云南省交通运输综合行政执法局德宏支队","设备","A02100308 红外仪器","动态系统","套",4,{"v":15600,"d":"15,600.00"},{"v":62400,"d":"62,400.00"}]
["云南省交通运输综合行政执法局德宏支队","设备","A02110101 数字仪表及装置","动态仪表","台",4,{"v":16700,"d":"16,700.00"},{"v":66800,"d":"66,800.00"}]
["云南省交通运输综合行政执法局德宏支队","设备","A02430900 无人机","无人机","台",1,{"v":35000,"d":"35,000.00"},{"v":35000,"d":"35,000.00"}]
["云南省交通运输综合行政执法局德宏支队","家具和用品","A05010301 办公椅","办公椅","把",10,{"v":800,"d":"800.00"},{"v":8000,"d":"8,000.00"}]
["云南省交通运输综合行政执法局德宏支队","家具和用品","A05010501 书柜","书柜","组",5,{"v":1200,"d":"1,200.00"},{"v":6000,"d":"6,000.00"}]
["合计",{"$nulls":4},82,null,{"v":516056,"d":"516,056.00"}]
["注：涉及土地使用权、房屋、公务用车购置，按照现行相关管理制度规定报批，以职能部门审批意见为准。"]

{"sheet":"中央转移支付补助项目支出预算表11","index":15,"n_rows":11,"n_cols":11,"rows_kept":11,"merged":[[1,0,1,10],[2,0,2,6],[3,0,5,0],[3,1,5,1],[3,2,5,2],[3,3,5,3],[3,4,5,4],[3,5,5,5],[3,6,5,6],[3,7,5,7],[3,8,3,10],[4,8,5,8],[4,9,5,9],[4,10,5,10],[9,0,9,6]]}
[{"$nulls":10},"预算11表"]
["2026年中央转移支付补助项目支出预算表"]
[{"$f":"\"单位名称：\"&\"云南省交通运输综合行政执法局德宏支队\"","v":"单位名称：云南省交通运输综合行政执法局德宏支队"},{"$nulls":9},"单位：元"]
["项目分类","项目名称","项目单位","功能科目编码","功能科目名称","经济科目编码","经济科目名称","合计","上级补助"]
[{"$nulls":8},"一般公共预算","政府性基金预算","国有资本经营预算"]
[{"$nulls":8},"小计"]
[1,2,3,4,5,6,7,8,9,10,11]
[]
[]
["合  计"]
["说明：2026年德宏支队无中央转移支付补助项目支出预算。"]

{"sheet":"部门项目支出中期规划预算表12","index":16,"n_rows":12,"n_cols":7,"rows_kept":12,"merged":[[1,0,1,6],[2,0,2,3],[3,0,5,0],[3,1,5,1],[3,2,5,2],[3,3,5,3],[3,4,3,6],[4,4,5,4],[4,5,5,5],[4,6,5,6],[11,0,11,3]]}
[{"$nulls":6},"预算12表"]
["2026年部门项目支出中期规划预算表"]
[{"$f":"\"单位名称：\"&\"云南省交通运输综合行政执法局德宏支队\"","v":"单位名称：云南省交通运输综合行政执法局德宏支队"},{"$nulls":5},"单位：元"]
["项目单位","项目分类","项目名称","项目级次","一般公共预算"]
[{"$nulls":4},"2026年","2027年","2028年"]
[{"$nulls":5},"小计"]
[1,2,3,4,5,6,7]
["云南省交通运输综合行政执法局德宏支队",{"$nulls":3},{"v":1982000,"d":"1,982,000.00"},{"v":1982000,"d":"1,982,000.00"},{"v":1982000,"d":"1,982,000.00"}]
[null,"312 民生类","其他人员支出","本级",{"v":952000,"d":"952,000.00"},{"v":952000,"d":"952,000.00"},{"v":952000,"d":"952,000.00"}]
[null,"313 事业发展类","治理超限超载执法管理运维专项资金","本级",{"v":680000,"d":"680,000.00"},{"v":680000,"d":"680,000.00"},{"v":680000,"d":"680,000.00"}]
[null,"313 事业发展类","交通运输行政执法监管专项经费","本级",{"v":350000,"d":"350,000.00"},{"v":350000,"d":"350,000.00"},{"v":350000,"d":"350,000.00"}]
["合计","",null,null,{"v":1982000,"d":"1,982,000.00"},{"v":1982000,"d":"1,982,000.00"},{"v":1982000,"d":"1,982,000.00"}]